Navanīta. (Record no. 89600)

MARC details
000 -LEADER
fixed length control field 00563cam a22002291i 4500
001 - CONTROL NUMBER
control field sa 68020822
003 - CONTROL NUMBER IDENTIFIER
control field DLC
005 - DATE AND TIME OF LATEST TRANSACTION
control field 20260227112727.0
008 - FIXED-LENGTH DATA ELEMENTS--GENERAL INFORMATION
fixed length control field 911104q19001968ii 000 0 maro
010 ## - LIBRARY OF CONGRESS CONTROL NUMBER
LC control number sa 68020822
035 ## - SYSTEM CONTROL NUMBER
System control number (OCoLC)24675656
040 ## - CATALOGING SOURCE
Original cataloging agency DLC
Transcribing agency WaU
Modifying agency DLC
042 ## - AUTHENTICATION CODE
Authentication code premarc
050 00 - LIBRARY OF CONGRESS CALL NUMBER
Classification number PK2414
Item number .N28.1964
245 00 - TITLE STATEMENT
Title Navanīta.
260 ## - PUBLICATION, DISTRIBUTION, ETC.
Date of publication, distribution, etc. 19--
300 ## - PHYSICAL DESCRIPTION
Extent v. ;
Dimensions 22 cm.
500 ## - GENERAL NOTE
General note In Marathi.
650 #0 - SUBJECT ADDED ENTRY--TOPICAL TERM
Topical term or geographic name entry element Marathi poetry.
700 1# - ADDED ENTRY--PERSONAL NAME
Personal name Godbole, Parasuramtatya Ballal,
Dates associated with a name 1799-1874.
700 1# - ADDED ENTRY--PERSONAL NAME
Personal name Priolkar, Anant Kakba.

No items available.

Powered by Koha